The hidden Web : a sourcebook

Google is certainly a useful Internet search tool for general topics, but most of the information available on the Invisible Web can't be found through Google. This book explains the value of the Invisible Web and how to access it

Đã lưu trong:
書目詳細資料
主要作者: Scheeren, William O.
格式: 圖書
語言:Undetermined
出版: Santa Barbara, California Libraries Unlimited, an imprint of ABC-CLIO, LLC 2012
主題:
標簽: 添加標簽
沒有標簽, 成為第一個標記此記錄!
Thư viện lưu trữ: Trung tâm Học liệu Trường Đại học Cần Thơ
LEADER 00832nam a2200217Ia 4500
001 CTU_198911
008 210402s9999 xx 000 0 und d
020 |c 1388000 
082 |a 025.0422 
082 |b S314 
100 |a Scheeren, William O. 
245 4 |a The hidden Web : 
245 2 |b a sourcebook 
245 0 |c William O. Scheeren. 
260 |a Santa Barbara, California 
260 |b Libraries Unlimited, an imprint of ABC-CLIO, LLC 
260 |c 2012 
520 |a Google is certainly a useful Internet search tool for general topics, but most of the information available on the Invisible Web can't be found through Google. This book explains the value of the Invisible Web and how to access it 
650 |a Invisible Web,Web ẩn 
904 |i Bằng 
980 |a Trung tâm Học liệu Trường Đại học Cần Thơ